000 01060cam a22003377a 4500
003 CHAP
005 20220329133410.0
008 971013s1992 r 00010 d
010 _a5918
011 _a6890
035 _a6113
040 _cCHAP
090 _aFolleto 8840y (1992)
100 0 0 _aLahav, E.
_964470
245 1 0 _aFertilización del banano para rendimientos altos
250 _a2ed. rev.
260 _aQuito, Ecuador :
_bInstituto de la Potasa y el Fósforo,
_c1992
300 _a71 p. ilus.
_b; gráfs.
490 0 _aBoletín
_v; 7
590 _aBATCH-UPD
_b10
_c20130110
_lUCH01
_h1202
590 _aBATCH-UPD
_b10
_c20130410
_lUCH01
_h0744
590 _aBATCH-UPD
_b10
_c20130914
_lUCH01
_h0650
590 _aCONVERSION
_b10
_c20130109
_lUCH01
_h1304
650 1 4 _aFertilizantes
_xEfecto en plátano.
_940545
650 1 4 _aPlátano
_xElementos minerales.
_989228
700 0 _aTurner, David W.
_9115650
830 0 _aBoletín
_v; 7
_913507
901 _aBK
942 _cFOLL
949 _aFolleto 8840y (1992)
_bBC
_cFOLL
_d-15713
_eTS1
_i6113
_mD
_si
999 _c5918
_d5918